Giai cấp và đấu tranh giai cấp

Nội dung sách đề cập vân đề lý luận và thực tiễn đổi mới của nước ta hiện nay và khẳng định, kết quả của công cuộc đổi mới của nước ta hiện nay.

Đã lưu trong:
Bibliografiske detaljer
Hovedforfatter: Trần, Phúc Thăng
Format: Bog
Sprog:Undetermined
Udgivet: Hà Nội Chính trị Quốc gia [1998]
Fag:
Tags: Tilføj Tag
Ingen Tags, Vær først til at tagge denne postø!
Thư viện lưu trữ: Trung tâm Học liệu Trường Đại học Cần Thơ
LEADER 00832nam a2200193Ia 4500
001 CTU_206427
008 210402s9999 xx 000 0 und d
082 |a 335.411 
082 |b Th116 
100 |a Trần, Phúc Thăng 
245 0 |a Giai cấp và đấu tranh giai cấp 
245 0 |c Trần Phúc Thăng 
260 |a Hà Nội 
260 |b Chính trị Quốc gia 
260 |c [1998] 
520 |a Nội dung sách đề cập vân đề lý luận và thực tiễn đổi mới của nước ta hiện nay và khẳng định, kết quả của công cuộc đổi mới của nước ta hiện nay. 
650 |a Philosophy, Marxist,Triết học, chủ nghĩa Mác 
904 |i Tuyến 
980 |a Trung tâm Học liệu Trường Đại học Cần Thơ